Historia de la literatura americana

Guardat en:
Dades bibliogràfiques
Autor principal: Sanchez, Luis Alberto
Format: Llibre
Idioma:Undetermined
Publicat: Santiago, Chile Ercilla 1937
Matèries:
Etiquetes: Afegir etiqueta
Sense etiquetes, Sigues el primer a etiquetar aquest registre!

MARC

LEADER 00000nam a2200000Ia 4500
008 170316s9999 xx 000 0 und d
040 |a cru BVZT 
090 |a H-860 S-1h 
100 |a Sanchez, Luis Alberto 
245 |a Historia de la literatura americana 
260 |a Santiago, Chile 
260 |b Ercilla 
260 |c 1937 
300 |a 681 páginas 
650 |a LITERATURA LATINOAMERICANA 
650 |a HISTORIA 
999 |c 13652  |d 13652 
942 |c 15 D  |h H-860 S-1h  |2 z